000 01131nam a2200169 4500
001 14053
005 20260326114028.0
010 _a9782847053227
090 _a14053
099 _o0
100 _a20260326d u||y0frey50 ba
200 _aSeuls dans la nuit
_bLIVR
214 _cEspaces 34
323 _a7 personnages
330 _aNour, 55 ans, est aide à domicile en milieu rural. Son quotidien est rempli de trajets en voiture, de soins, de conversations anodines avec lespersonnes âgées dont elle s’occupe : Madame B., Monsieur D., Madame J. … Elle est mariée depuis trente-deux ans à Paco avec qui elle vit dans une petite maison près de Reims, à Beaumont-sur-Vesle. C'est un couple sans enfants qui s'aime et qui vit une existence modeste et semble-t-il plutôt heureuse. Un soir, au crépuscule, un objet lumineux crevant le ciel vient troubler le réel et déranger l’ordre implacable du quotidien. Cette irruption d’un ailleurs bouleverse cette femme qui ne s’attendait plus à rien et qui entrevoit la possibilité d’une échappée au-delà de la raison.
610 _aPoésie
_aintime
700 _aSoublin
_bGwendoline